| 000 | 00371nam a2200121Ia 4500 | ||
|---|---|---|---|
| 008 | 200922s9999 xx 000 0 und d | ||
| 100 | _aCarey, Patrick M. | ||
| 245 |
_cPatrick M. Carey _aNew perspectives on HTML5, CSS3 and JavaScript/ |
||
| 250 | _a6th ed. | ||
| 260 |
_aSingapore: _bCENGAGE _c2019 |
||
| 300 |
_axvi, 1144 pages _c25 cm. |
||
| 650 | _aCascading style sheets | ||
| 999 |
_c364437 _d364437 |
||